000 00547nam a2200193Ia 4500
008 090123s9999 xx 000 0 und d
082 _b12809
_a891.463/शहाणे
100 _aशंकरलाल
245 _aजन अरण्य
250 _a1
260 _bअमेय प्रकाशन
_c1977
300 _a226
600 _aशंकरलाल
630 _aजन अरण्य
700 _aशंकरलाल
700 _aशहाणे अशोक
730 _aजन अरण्य
942 _cBOOK
999 _c50872
_d50872